On the reliability of the Old Testament / (Record no. 6724)
[ view plain ]
| 000 -LEADER | |
|---|---|
| fixed length control field | 00609cam a22001814a 4500 |
| 001 - CONTROL NUMBER | |
| control field | 13049612 |
| 005 - DATE AND TIME OF LATEST TRANSACTION | |
| control field | 20250627102043.0 |
| 008 - FIXED-LENGTH DATA ELEMENTS--GENERAL INFORMATION | |
| fixed length control field | 030106s2003 miuab b 001 0 eng |
| 020 ## - INTERNATIONAL STANDARD BOOK NUMBER | |
| International Standard Book Number | 0802849601 (alk. paper) |
| 050 00 - LIBRARY OF CONGRESS CALL NUMBER | |
| Classification number | BS1180 |
| Item number | .K56 2003 |
| 082 00 - DEWEY DECIMAL CLASSIFICATION NUMBER | |
| Classification number | 221.1 |
| Edition information | 21 |
| 100 1# - MAIN ENTRY--PERSONAL NAME | |
| Personal name | Kitchen, K. A. |
| Fuller form of name | (Kenneth Anderson) |
| 245 10 - TITLE STATEMENT | |
| Title | On the reliability of the Old Testament / |
| Statement of responsibility, etc. | K.A. Kitchen. |
| 260 ## - PUBLICATION, DISTRIBUTION, ETC. | |
| Place of publication, distribution, etc. | Grand Rapids, Mich. : |
| Name of publisher, distributor, etc. | W.B. Eerdmans, |
| Date of publication, distribution, etc. | c2003. |
| 300 ## - PHYSICAL DESCRIPTION | |
| Extent | xxii, 662 p. : |
| Other physical details | ill., maps ; |
| Dimensions | 25 cm. |
| 856 41 - ELECTRONIC LOCATION AND ACCESS | |
| Materials specified | Table of contents |
| Uniform Resource Identifier | <a href="http://www.loc.gov/catdir/toc/fy043/2003040764.html">http://www.loc.gov/catdir/toc/fy043/2003040764.html</a> |
| 942 ## - ADDED ENTRY ELEMENTS (KOHA) | |
| Source of classification or shelving scheme | Library of Congress Classification |
| Koha item type | Books |
| Suppress in OPAC | No |
| 999 ## - | |
| -- | 6724 |
| -- | 6724 |
| Withdrawn status | Lost status | Source of classification or shelving scheme | Damaged status | Not for loan | Collection | Home library | Current library | Shelving location | Date acquired | Total checkouts | Full call number | Barcode | Date last seen | Copy number | Price effective from | Koha item type |
|---|---|---|---|---|---|---|---|---|---|---|---|---|---|---|---|---|
| Library of Congress Classification | Non-fiction | Undergraduate Library (Christ Temple) | Undergraduate Library (Christ Temple) | General stacks | 06/27/2025 | BS1180 KIT | ulct00003563 | 06/27/2025 | 1 | 06/07/2025 | Books | |||||
| Library of Congress Classification | Non-fiction | Undergraduate Library (Christ Temple) | Undergraduate Library (Christ Temple) | General stacks | 06/27/2025 | BS1180 KIT | ulct00003564 | 06/27/2025 | 2 | 06/07/2025 | Books | |||||
| Library of Congress Classification | Non-fiction | Undergraduate Library (Christ Temple) | Undergraduate Library (Christ Temple) | General stacks | 06/27/2025 | BS1180 KIT | ulct00003565 | 06/27/2025 | 3 | 06/07/2025 | Books |